00484nam a2200085Ia 4500008004100000245004200041300024300083650001100326856006100337170517s9999 xx 000 0 und d aHow the Fake Newsman Won Over America aThis micro-documentary installment of the Bloomberg Game Changers series chronicles the early life and ongoing career growth of comedian and Daily Show host Jon Stewart and how he rose from being an alternative comic to one of the most... xMedia. uhttp://topdocumentaryfilms.com/fake-newsman-won-america/